00655cam a22002417a 4500003000500000005001700005008004100022010001000063011001000073020001500083035001000098040000900108082002200117100001700139245008200156250001000238260004200248300001900290650004100309650002400350700002000374700001900394CHAP20220817043826.0971013s1988 us a r 00010 eng d a85477 a86449 a0471308641 a96987 cCHAP04a636.085bC47 199500aChurch, D.C.10aBasic animal nutrition and feedingc/por W.G. Pond, D.C. Church and K.R. Pond a4 ed. aNew York :bJohn Wiley & Sons,c1995. a615 p.b: ilus14aAlimentos y alimentacion del ganado.14aNutrición animal.0 aPond, Wilson G.1 aPond, Kevin R.